Medée: Texte Grec. Notice et Extraits annotés par Guy Soury
Gespeichert in:
| 1. Verfasser: | |
|---|---|
| Weitere Verfasser: | |
| Format: | keine Angabe |
| Sprache: | Ancient Greek |
| Erschienen: |
Paris
Librairie A Hatier
1929
|
| Katalog: | MANES: Suchergebnis im Bibliothekskatalog |
| Schulbuchspezifische Eigenschaften: |
|
| Schriftenreihe: | Les classiques pour tous
|
| Tags: |
Tag hinzufügen
Keine Tags, Fügen Sie den ersten Tag hinzu!
|
| Hinzugefügt zu: | 26.04.2016 |
MARC
| LEADER | 000000000a22000000004500 | ||
|---|---|---|---|
| 001 | 36632 | ||
| 003 | OSt | ||
| 008 | 160427s sp ||||| |||| 00| 0 grc d | ||
| 040 | |a manes |c manes | ||
| 100 | 1 | |a Euripide |9 19925 | |
| 700 | 1 | |a Soury, Ch |b Editor, Professeur agrégé au Lycée de Rouen. |9 19926 | |
| 245 | 0 | 0 | |a Medée: Texte Grec. Notice et Extraits annotés par Guy Soury |
| 260 | 3 | |a Paris |b Librairie A Hatier |c 1929 | |
| 300 | |a 64 p. |c 17,5x11 cm | ||
| 440 | |a Les classiques pour tous |9 19922 | ||
| 500 | |a Signatura Topográfica: 1856-1 hasta 1856-7. 7 ejemplares. | ||
| 942 | |2 ddc |c BK | ||
| 546 | |a España | ||
| 999 | |c 41364 |d 41364 | ||
| 999 | |c manes:41364 |d 41364 | ||